[Event "Oberliga NRW 2122"]
[Site "Germany"]
[Date "2022.05.29"]
[Round "6.6"]
[White "Homs, Guust"]
[Black "Pragua, Christoph P"]
[Result "1/2-1/2"]
[WhiteElo "2181"]
[BlackElo "2077"]
[PlyCount "27"]
[EventDate "2021.10.31"]
[EventType "team-tourn"]
[EventRounds "9"]
[EventCountry "GER"]
[SourceTitle "EXT 2024"]
[Source "ChessBase"]
[SourceDate "2023.10.10"]
[SourceVersion "1"]
[SourceVersionDate "2023.10.10"]
[SourceQuality "1"]
[WhiteTeam "Erkenschwick"]
[BlackTeam "Koeln SF"]
[WhiteTeamCountry "GER"]
[BlackTeamCountry "GER"]

1. e4 e5 2. Nf3 Nc6 3. Bc4 Nf6 4. d3 Bc5 5. c3 d6 6. 0-0 a6 7. Qe2 Be6 8. Nbd2 Ba7 9. Bb3 0-0 10. Nc4 h6 11. Be3 b5 12. Ncd2 Re8 13. Bxa7 Rxa7 14. Bxe6 1/2-1/2

[Event "Mittelrhein Regionalliga 1920"]
[Site "Mittelrhein"]
[Date "2019.09.29"]
[Round "1.3"]
[White "Pragua, Christoph P"]
[Black "Brochhagen, Thomas"]
[Result "1/2-1/2"]
[WhiteElo "2031"]
[BlackElo "1944"]
[PlyCount "52"]
[EventDate "2019.09.29"]
[EventType "team-tourn"]
[EventRounds "9"]
[EventCountry "GER"]
[SourceTitle "EXT 2023"]
[Source "ChessBase"]
[SourceDate "2022.10.05"]
[SourceVersion "1"]
[SourceVersionDate "2022.10.05"]
[SourceQuality "1"]
[WhiteTeam "Koeln SF II"]
[BlackTeam "Langenfeld II"]
[WhiteTeamCountry "GER"]
[BlackTeamCountry "GER"]

1. d4 d5 2. Nf3 e6 3. c4 a6 4. cxd5 exd5 5. Qc2 h6 6. Bf4 Bd6 7. Bxd6 Qxd6 8. e3 Nf6 9. Nbd2 0-0 10. Bd3 Nc6 11. a3 Bg4 12. h3 Bxf3 13. Nxf3 Rfe8 14. 0-0 Ne4 15. b4 Re6 16. Bxe4 Rxe4 17. Rac1 Re7 18. Nd2 Nd8 19. Rfd1 Ne6 20. Nf3 c6 21. Ne5 a5 22. Rb1 axb4 23. axb4 Nc7 24. Nd3 Nb5 25. Ra1 Ree8 26. Nc5 Qe7 1/2-1/2

[Event "Mittelrhein Regionalliga 18/19"]
[Site "Nordrheinwestfalen"]
[Date "2019.05.05"]
[Round "10.2"]
[White "Draftian, Ashote"]
[Black "Pragua, Christoph P"]
[Result "1-0"]
[WhiteElo "2226"]
[BlackElo "2029"]
[PlyCount "53"]
[EventDate "2018.10.28"]
[EventType "team-tourn"]
[EventRounds "11"]
[EventCountry "GER"]
[SourceTitle "EXT 2022"]
[Source "ChessBase"]
[SourceDate "2021.10.06"]
[SourceVersion "1"]
[SourceVersionDate "2021.10.06"]
[SourceQuality "1"]
[WhiteTeam "Alsdorf SVG"]
[BlackTeam "Koeln SF II"]
[WhiteTeamCountry "GER"]
[BlackTeamCountry "GER"]

1. e4 e5 2. Nf3 Nc6 3. d4 exd4 4. Nxd4 Bc5 5. Nb3 Bb6 6. Nc3 Qf6 7. f4 Nge7 8. Qf3 d6 9. Bd2 Be6 10. 0-0-0 0-0-0 11. g4 g5 12. f5 Ne5 13. Qg2 Bd7 14. Ne2 h5 15. h4 Nxg4 16. hxg5 Qe5 17. Bc3 Qb5 18. Bxh8 Ne3 19. Qf3 Rxh8 20. Ned4 Qe5 21. Qxe3 Nxf5 22. Qc3 Ng3 23. Rg1 h4 24. Kb1 Rg8 25. Bc4 Nxe4 26. Qf3 d5 27. Qxf7 1-0

[Event "Mittelrhein Regionalliga 18/19"]
[Site "Nordrheinwestfalen"]
[Date "2019.02.10"]
[Round "7.3"]
[White "Gramb, Marius"]
[Black "Pragua, Christoph P"]
[Result "1/2-1/2"]
[WhiteElo "2145"]
[BlackElo "2031"]
[PlyCount "53"]
[EventDate "2018.10.28"]
[EventType "team-tourn"]
[EventRounds "11"]
[EventCountry "GER"]
[SourceTitle "EXT 2022"]
[Source "ChessBase"]
[SourceDate "2021.10.06"]
[SourceVersion "1"]
[SourceVersionDate "2021.10.06"]
[SourceQuality "1"]
[WhiteTeam "Bruehl"]
[BlackTeam "Koeln SF II"]
[WhiteTeamCountry "GER"]
[BlackTeamCountry "GER"]

1. e4 e5 2. Nf3 Nc6 3. Bb5 a6 4. Bxc6 dxc6 5. 0-0 Qd6 6. c3 c5 7. d4 cxd4 8. cxd4 f6 9. dxe5 fxe5 10. Qc2 Bg4 11. Rd1 Qc5 12. Qxc5 Bxc5 13. Rd5 Bd6 14. Rd3 Ne7 15. h3 Bxf3 16. Rxf3 Nc6 17. Nc3 Rf8 18. Rxf8+ Kxf8 19. Be3 Kf7 20. Rd1 Ke6 21. Na4 Rd8 22. Kf1 Rd7 23. Ke2 Bb4 24. Rxd7 Kxd7 25. a3 Be7 26. Kd3 Nd8 27. Nc3 1/2-1/2

[Event "Mittelrhein Regionalliga 18/19"]
[Site "Nordrheinwestfalen"]
[Date "2018.09.30"]
[Round "2.4"]
[White "Pragua, Christoph P"]
[Black "Juegel, Marcel"]
[Result "1/2-1/2"]
[WhiteElo "2031"]
[BlackElo "2145"]
[PlyCount "101"]
[EventDate "2018.10.28"]
[EventType "team-tourn"]
[EventRounds "11"]
[EventCountry "GER"]
[SourceTitle "EXT 2022"]
[Source "ChessBase"]
[SourceDate "2021.10.06"]
[SourceVersion "1"]
[SourceVersionDate "2021.10.06"]
[SourceQuality "1"]
[WhiteTeam "Koeln SF II"]
[BlackTeam "Aachen DJK Aufwärts III"]
[WhiteTeamCountry "GER"]
[BlackTeamCountry "GER"]

1. d4 e6 2. Nf3 b6 3. g3 Bb7 4. Bg2 f5 5. 0-0 Nf6 6. b3 g6 7. Nbd2 Bg7 8. Ba3 Ne4 9. Nxe4 Bxe4 10. Qd2 Nc6 11. Rad1 Qf6 12. c4 d6 13. Bb2 a5 14. Ng5 Bxg2 15. Kxg2 Nd8 16. Nh3 h5 17. f3 Nf7 18. e4 g5 19. e5 dxe5 20. dxe5 Qe7 21. Qe2 0-0 22. Rd3 a4 23. Rfd1 axb3 24. axb3 Rfd8 25. Nf2 Rxd3 26. Nxd3 Ra2 27. Rd2 c5 28. h3 Qc7 29. f4 g4 30. Nf2 Ra8 31. Qd1 Rd8 32. Rxd8+ Nxd8 33. Qd3 Nc6 34. Bc3 Kf7 35. hxg4 hxg4 36. Nd1 Qb7 37. Kh2 Ne7 38. b4 Qa8 39. bxc5 bxc5 40. Nf2 Bh6 41. Bd2 Qc8 42. Be3 Ng6 43. Kg1 Bf8 44. Kh2 Qc6 45. Bd2 Be7 46. Bc3 Nf8 47. Ba5 Nd7 48. Nxg4 fxg4 49. Qh7+ Kf8 50. Qh8+ Kf7 51. Qh7+ 1/2-1/2

[Event "Mittelrhein Regionalliga 1718"]
[Site "Nordrheinwestfalen"]
[Date "2018.04.15"]
[Round "8.2"]
[White "Pragua, Christoph P"]
[Black "Goossens, Etienne"]
[Result "0-1"]
[WhiteElo "2035"]
[BlackElo "2200"]
[PlyCount "126"]
[EventDate "2017.09.10"]
[EventType "team-tourn"]
[EventRounds "9"]
[EventCountry "GER"]
[SourceTitle "EXT 2022"]
[Source "ChessBase"]
[SourceDate "2021.10.06"]
[SourceVersion "1"]
[SourceVersionDate "2021.10.06"]
[SourceQuality "1"]
[WhiteTeam "Klub Koelner SF II"]
[BlackTeam "Wuerselen"]
[WhiteTeamCountry "GER"]
[BlackTeamCountry "GER"]

1. d4 e6 2. Nf3 c5 3. c4 Nf6 4. Nc3 cxd4 5. Nxd4 a6 6. e4 Bb4 7. Bd3 Nc6 8. Be3 Ne5 9. f3 Qc7 10. Rc1 Nxc4 11. Bxc4 Qxc4 12. Kf2 Bxc3 13. Rxc3 Qb4 14. Qc2 0-0 15. Rc1 h6 16. Rc7 Qd6 17. Kg1 Qe5 18. Ne2 Nd5 19. Rc5 Nxe3 20. Rxe5 Nxc2 21. Rxc2 b6 22. Rh5 Bb7 23. a4 Rfc8 24. Rc3 Bc6 25. a5 Bb5 26. axb6 Rxc3 27. Nxc3 Bd3 28. Rc5 Rb8 29. Rc7 Rxb6 30. Rxd7 Bc4 31. Rd8+ Kh7 32. Rd4 Bb3 33. Rd2 g5 34. Kf2 Kg6 35. Ke3 Bc4 36. Rd4 Bf1 37. Kf2 Bb5 38. Rb4 Kf6 39. Ke3 Ke5 40. Nxb5 axb5 41. Rd4 Ra6 42. g3 Kf6 43. Rb4 Ra1 44. Kf2 Ra5 45. Ke3 Ke5 46. f4+ Kd6 47. Rd4+ Ke7 48. fxg5 hxg5 49. h4 gxh4 50. gxh4 Kf6 51. Rd2 Ke5 52. h5 Ra4 53. Rh2 Rxe4+ 54. Kf3 Rf4+ 55. Kg3 Kf5 56. h6 Rg4+ 57. Kf3 Rg8 58. Rh5+ Kg6 59. Rxb5 Rh8 60. Rc5 Rxh6 61. b4 Rh3+ 62. Kg4 Rb3 63. b5 f5+ 0-1

[Event "Mittelrhein Regionalliga 1718"]
[Site "Nordrheinwestfalen"]
[Date "2018.01.14"]
[Round "5.7"]
[White "Biedekoepper, Robert"]
[Black "Pragua, Christoph P"]
[Result "1/2-1/2"]
[WhiteElo "2030"]
[BlackElo "2035"]
[PlyCount "94"]
[EventDate "2017.09.10"]
[EventType "team-tourn"]
[EventRounds "9"]
[EventCountry "GER"]
[SourceTitle "EXT 2022"]
[Source "ChessBase"]
[SourceDate "2021.10.06"]
[SourceVersion "1"]
[SourceVersionDate "2021.10.06"]
[SourceQuality "1"]
[WhiteTeam "Godesberg II"]
[BlackTeam "Klub Koelner SF II"]
[WhiteTeamCountry "GER"]
[BlackTeamCountry "GER"]

1. d4 Nf6 2. c4 d6 3. Nf3 g6 4. Nc3 Nbd7 5. h4 Bg7 6. Bg5 h6 7. Bf4 Nh5 8. Bh2 e5 9. e3 f5 10. dxe5 Nxe5 11. Nxe5 Bxe5 12. Bxe5 dxe5 13. Qxd8+ Kxd8 14. 0-0-0+ Bd7 15. c5 Nf6 16. Bc4 c6 17. Bf7 Ke7 18. Bxg6 h5 19. e4 f4 20. Rhg1 Be6 21. b3 Nd7 22. Na4 Rh6 23. Bf5 Bxf5 24. exf5 Rf8 25. b4 Rxf5 26. Nc3 a5 27. a3 axb4 28. axb4 b6 29. Ne4 bxc5 30. bxc5 Rf8 31. Kc2 Ra8 32. Ra1 Rhh8 33. g3 fxg3 34. Rxa8 Rxa8 35. Rxg3 Ra5 36. Rg5 Ke6 37. Rxh5 Nxc5 38. Nc3 Ra1 39. f4 Rf1 40. Rxe5+ Kd6 41. Rf5 Rf2+ 42. Kd1 Rh2 43. h5 Nd3 44. Ne2 Ke6 45. Nd4+ Kd6 46. Ne2 Ke6 47. Nd4+ Kd6 1/2-1/2

[Event "Mittelrhein Regionalliga 1718"]
[Site "Nordrheinwestfalen"]
[Date "2017.12.03"]
[Round "4.5"]
[White "Pragua, Christoph P"]
[Black "Huelsmann, Josef"]
[Result "1/2-1/2"]
[WhiteElo "2035"]
[BlackElo "2126"]
[PlyCount "158"]
[EventDate "2017.09.10"]
[EventType "team-tourn"]
[EventRounds "9"]
[EventCountry "GER"]
[SourceTitle "EXT 2022"]
[Source "ChessBase"]
[SourceDate "2021.10.06"]
[SourceVersion "1"]
[SourceVersionDate "2021.10.06"]
[SourceQuality "1"]
[WhiteTeam "Klub Koelner SF II"]
[BlackTeam "Langenfeld"]
[WhiteTeamCountry "GER"]
[BlackTeamCountry "GER"]

1. Nf3 d5 2. d4 e6 3. c4 Nf6 4. Nc3 c5 5. e3 Nc6 6. cxd5 exd5 7. Bb5 a6 8. Bxc6+ bxc6 9. 0-0 Be7 10. dxc5 0-0 11. Nd4 Bd7 12. Na4 a5 13. b3 Ne4 14. Ba3 f5 15. f3 Ng5 16. Nb6 Ra7 17. Nxd7 Qxd7 18. Qd3 Rf6 19. Kh1 Qc8 20. Bb2 Bxc5 21. Rac1 Qf8 22. Nxc6 Rxc6 23. Qxd5+ Re6 24. Rxc5 Rf7 25. Bd4 Rd6 26. Qc4 Ne6 27. Rc8 Rd8 28. Rxd8 Nxd8 29. a4 h5 30. Qd5 Nb7 31. Rc1 Kh7 32. h3 h4 33. Rc8 Qe7 34. e4 Qd7 35. Qxd7 Rxd7 36. Bf2 fxe4 37. fxe4 Nd6 38. Rc1 Nxe4 39. Bxh4 Rb7 40. Rc4 Nd2 41. Rc5 Rxb3 42. Rxa5 Rb4 43. Be7 Rb7 44. Bg5 Rb1+ 45. Kh2 Nf1+ 46. Kg1 Nd2+ 47. Kf2 Nc4 48. Rb5 Ra1 49. Rb4 Ra2+ 50. Kf3 Nb2 51. Be3 Nd3 52. Rd4 Ne1+ 53. Ke4 Nxg2 54. Bd2 Nh4 55. a5 Ra3 56. Bb4 Ra2 57. Kd5 Nf5 58. Re4 Ng3 59. Rg4 Nf5 60. Kc6 Ne3 61. Re4 Nc2 62. Kb5 Kg6 63. Rg4+ Kf7 64. Bc3 Ra3 65. Bxg7 Rb3+ 66. Kc5 Ra3 67. Kb6 Rb3+ 68. Kc6 Ra3 69. Rg5 Rxh3 70. Bb2 Rb3 71. Rb5 Nb4+ 72. Kc5 Rxb2 73. Rxb4 Rc2+ 74. Kb6 Ke6 75. a6 Kd7 76. Kb7 Rc7+ 77. Kb8 Rc8+ 78. Ka7 Rc7+ 79. Rb7 Kc8 1/2-1/2

[Event "Mittelrhein Regionalliga 1718"]
[Site "Nordrheinwestfalen"]
[Date "2017.11.12"]
[Round "3.6"]
[White "Pragua, Christoph P"]
[Black "Hoeren, Andreas"]
[Result "1/2-1/2"]
[WhiteElo "2035"]
[BlackElo "2104"]
[PlyCount "81"]
[EventDate "2017.09.10"]
[EventType "team-tourn"]
[EventRounds "9"]
[EventCountry "GER"]
[SourceTitle "EXT 2022"]
[Source "ChessBase"]
[SourceDate "2021.10.06"]
[SourceVersion "1"]
[SourceVersionDate "2021.10.06"]
[SourceQuality "1"]
[WhiteTeam "Klub Koelner SF II"]
[BlackTeam "Koeln Lasker"]
[WhiteTeamCountry "GER"]
[BlackTeamCountry "GER"]

1. d4 d6 2. e4 Nf6 3. Nc3 Nbd7 4. Nf3 e5 5. Bc4 Be7 6. h3 0-0 7. Be3 c6 8. Bb3 b5 9. a3 a6 10. Qe2 Qc7 11. dxe5 dxe5 12. 0-0 Nc5 13. Nd2 Be6 14. Bxc5 Bxc5 15. Bxe6 fxe6 16. Nb3 Bd4 17. Nxd4 exd4 18. Nb1 e5 19. Nd2 c5 20. b3 Qc6 21. a4 Rfe8 22. Ra2 Rab8 23. axb5 axb5 24. Rfa1 Rec8 25. Ra7 Rb7 26. R1a6 Rb6 27. Ra5 Rcb8 28. Qd3 R8b7 29. Ra8+ Rb8 30. Rxb8+ Rxb8 31. Qg3 Qb6 32. Ra2 Re8 33. Kh2 Qb7 34. f3 Nh5 35. Qe1 Qf7 36. Qe2 Qf4+ 37. Kg1 Qe3+ 38. Qf2 Rc8 39. Nf1 Qxf2+ 40. Kxf2 Rc7 41. Ra5 1/2-1/2

[Event "Mittelrhein Regionalliga 16/17"]
[Site "Nordrheinwestfalen"]
[Date "2016.10.23"]
[Round "3.5"]
[White "Pragua, Christoph P"]
[Black "Andok, Claus Michael"]
[Result "1/2-1/2"]
[WhiteElo "1995"]
[BlackElo "2088"]
[PlyCount "54"]
[EventDate "2016.09.11"]
[EventType "team-tourn"]
[EventRounds "11"]
[EventCountry "GER"]
[SourceTitle "EXT 2022"]
[Source "ChessBase"]
[SourceDate "2021.10.06"]
[SourceVersion "1"]
[SourceVersionDate "2021.10.06"]
[SourceQuality "1"]
[WhiteTeam "Koeln SF II"]
[BlackTeam "Aachen DJK Aufwärts III"]
[WhiteTeamCountry "GER"]
[BlackTeamCountry "GER"]

1. d4 e6 2. Nf3 f5 3. g3 b6 4. Bg2 Bb7 5. 0-0 Nf6 6. b3 Be7 7. Bb2 0-0 8. Nbd2 Qe8 9. Nc4 Qh5 10. a4 a6 11. Nfe5 Bxg2 12. Kxg2 d6 13. Nd3 g5 14. e3 Qxd1 15. Rfxd1 Nc6 16. Re1 Nd5 17. f3 b5 18. Nd2 Ndb4 19. Nxb4 Nxb4 20. Rec1 h6 21. Kf1 Bf6 22. Ke2 c5 23. c3 Nc6 24. Kd3 Rfc8 25. axb5 axb5 26. Rxa8 Rxa8 27. Ra1 Rxa1 1/2-1/2

[Event "Oberliga NRW 1314"]
[Site "Germany"]
[Date "2013.09.15"]
[Round "1.7"]
[White "Krueger, Andre"]
[Black "Pragua, Christoph P"]
[Result "1-0"]
[WhiteElo "2057"]
[BlackElo "2040"]
[PlyCount "61"]
[EventDate "2013.09.15"]
[EventType "team-tourn"]
[EventRounds "9"]
[EventCountry "GER"]
[SourceTitle "EXT 2015"]
[Source "ChessBase"]
[SourceDate "2014.11.20"]
[SourceVersion "1"]
[SourceVersionDate "2014.11.20"]
[SourceQuality "1"]
[WhiteTeam "Muelheim II"]
[BlackTeam "Koeln SF"]
[WhiteTeamCountry "GER"]
[BlackTeamCountry "GER"]

1. d4 Nf6 2. Bg5 Ne4 3. Bf4 d5 4. e3 Bf5 5. Bd3 e6 6. f3 Nf6 7. g4 Bxd3 8. Qxd3 Nbd7 9. Nd2 Be7 10. Ne2 c5 11. c3 Qb6 12. Kf2 0-0 13. Kg2 Rad8 14. Ng3 Bd6 15. Bxd6 Qxd6 16. g5 Ne8 17. f4 b5 18. Nf3 Nc7 19. Rhg1 a5 20. Kh1 c4 21. Qc2 b4 22. Ne5 Ra8 23. Nh5 Ne8 24. Ng4 f5 25. gxf6 Ndxf6 26. Ngxf6+ Rxf6 27. Rxg7+ Nxg7 28. Nxf6+ Kf7 29. Qxh7 Kxf6 30. Rg1 Qf8 31. Qg6+ 1-0

[Event "Regionalliga Mittelrhein 1213"]
[Site "Germany"]
[Date "2013.04.14"]
[Round "9.4"]
[White "Pragua, Christoph P"]
[Black "Lindam, Ingo"]
[Result "0-1"]
[WhiteElo "2053"]
[BlackElo "2145"]
[PlyCount "80"]
[EventDate "2012.09.09"]
[EventType "team"]
[EventRounds "11"]
[EventCountry "GER"]
[SourceTitle "EXT 2015"]
[Source "ChessBase"]
[SourceDate "2014.11.20"]
[SourceVersion "1"]
[SourceVersionDate "2014.11.20"]
[SourceQuality "1"]
[WhiteTeam "Koeln SF II"]
[BlackTeam "Koeln Lasker"]
[WhiteTeamCountry "GER"]
[BlackTeamCountry "GER"]

1. d4 f5 2. Nf3 Nf6 3. g3 g6 4. Bg2 Bg7 5. 0-0 d6 6. b3 0-0 7. Bb2 Qe8 8. Nbd2 Nc6 9. Nc4 b5 10. Ncd2 Rb8 11. a4 b4 12. Nc4 e6 13. Ng5 d5 14. Nd2 h6 15. Nh3 g5 16. f3 Nh5 17. e3 f4 18. exf4 Nxd4 19. fxg5 Ba6 20. Re1 Ne2+ 21. Rxe2 Bxb2 22. Re1 Qg6 23. f4 Rbe8 24. Nf3 Bxa1 25. Qxa1 Qxc2 26. Nd4 Qc3 27. Qd1 Bc8 28. Nb5 Qc5+ 29. Kh1 Ng7 30. gxh6 Nf5 31. h7+ Kh8 32. Qa1+ e5 33. Rxe5 Rxe5 34. Qxe5+ Ng7 35. Nxc7 Qc1+ 36. Ng1 Bf5 37. Bxd5 Rc8 38. Ne6 Bxe6 39. Bxe6 Re8 40. f5 Qc6+ 0-1

[Event "Regionalliga Mittelrhein 1213"]
[Site "Germany"]
[Date "2012.12.02"]
[Round "5.2"]
[White "Florstedt, Johannes"]
[Black "Pragua, Christoph P"]
[Result "1-0"]
[WhiteElo "2063"]
[BlackElo "2053"]
[PlyCount "35"]
[EventDate "2012.09.09"]
[EventType "team"]
[EventRounds "11"]
[EventCountry "GER"]
[SourceTitle "EXT 2015"]
[Source "ChessBase"]
[SourceDate "2014.11.20"]
[SourceVersion "1"]
[SourceVersionDate "2014.11.20"]
[SourceQuality "1"]
[WhiteTeam "Godesberg III"]
[BlackTeam "Koeln SF II"]
[WhiteTeamCountry "GER"]
[BlackTeamCountry "GER"]

1. Nf3 Nf6 2. c4 g6 3. Nc3 d6 4. d4 Bg7 5. Bg5 Nbd7 6. e3 h6 7. Bh4 0-0 8. Be2 b6 9. 0-0 a5 10. Qc2 Bb7 11. a3 g5 12. Bg3 Nh5 13. Nxg5 hxg5 14. Bxh5 Nf6 15. Bf3 Bxf3 16. gxf3 Qd7 17. Nd5 a4 18. Qf5 1-0

[Event "Regionalliga Mittelrhein 1213"]
[Site "Germany"]
[Date "2012.09.09"]
[Round "1.4"]
[White "Juelich, Thomas"]
[Black "Pragua, Christoph P"]
[Result "1/2-1/2"]
[WhiteElo "1975"]
[BlackElo "2053"]
[PlyCount "32"]
[EventDate "2012.09.09"]
[EventType "team"]
[EventRounds "11"]
[EventCountry "GER"]
[SourceTitle "EXT 2015"]
[Source "ChessBase"]
[SourceDate "2014.11.20"]
[SourceVersion "1"]
[SourceVersionDate "2014.11.20"]
[SourceQuality "1"]
[WhiteTeam "Pulheim"]
[BlackTeam "Koeln SF II"]
[WhiteTeamCountry "GER"]
[BlackTeamCountry "GER"]

1. e4 e5 2. Nf3 Nc6 3. d4 exd4 4. Nxd4 Bc5 5. Nxc6 Qf6 6. Qf3 bxc6 7. Nc3 Qxf3 8. gxf3 Ne7 9. Be3 Bxe3 10. fxe3 d6 11. Bd3 Be6 12. Ne2 0-0 13. Ng3 f5 14. exf5 Nxf5 15. Nxf5 Bxf5 16. Ke2 Rae8 1/2-1/2

[Event "NRW Class2 0506"]
[Site "Germany"]
[Date "2006.03.05"]
[Round "7.5"]
[White "Bachmann, Karlheinz"]
[Black "Pragua, Christoph P"]
[Result "1-0"]
[WhiteElo "2297"]
[BlackElo "2126"]
[PlyCount "81"]
[EventDate "2005.09.25"]
[EventType "team-tourn"]
[EventRounds "9"]
[EventCountry "GER"]
[SourceTitle "EXT 2006"]
[Source "ChessBase"]
[SourceDate "2005.11.24"]
[SourceVersion "1"]
[SourceVersionDate "2005.11.24"]
[SourceQuality "1"]
[WhiteTeam "Katernberg II"]
[BlackTeam "Koeln SF II"]
[WhiteTeamCountry "GER"]
[BlackTeamCountry "GER"]

1. c4 Nf6 2. Nf3 g6 3. g3 Bg7 4. Bg2 0-0 5. Nc3 d6 6. 0-0 Nbd7 7. d4 c6 8. Qc2 Re8 9. Rd1 Qc7 10. b3 e5 11. e3 exd4 12. Nxd4 Nc5 13. Bb2 Bg4 14. Rd2 Rad8 15. h3 Bc8 16. Rad1 a6 17. Qb1 Nfd7 18. b4 Ne6 19. Ne4 Ne5 20. Nxe6 Bxe6 21. Nxd6 Rxd6 22. Rxd6 Nxc4 23. Bxg7 Kxg7 24. R6d4 b5 25. Qe4 Rc8 26. Qf4 Qe7 27. Rb1 a5 28. bxa5 Qa3 29. Rbd1 Qxa5 30. g4 h6 31. h4 Qc7 32. g5 Qxf4 33. Rxf4 hxg5 34. hxg5 Kf8 35. Rh4 Ke7 36. Bh3 Bxh3 37. Rxh3 Ra8 38. Rh4 Ke6 39. Rf4 Ra6 40. Rf6+ Ke7 41. Rd4 1-0

[Event "Hamburg Junge op"]
[Site "Hamburg"]
[Date "2005.10.09"]
[Round "9"]
[White "Pragua, Christoph P"]
[Black "Conrad, Christian"]
[Result "1/2-1/2"]
[WhiteElo "2126"]
[BlackElo "2220"]
[PlyCount "86"]
[EventDate "2005.10.01"]
[EventType "swiss"]
[EventRounds "9"]
[EventCountry "GER"]
[SourceTitle "CBM 108 Extra"]
[Source "ChessBase"]
[SourceDate "2005.11.04"]
[SourceVersion "1"]
[SourceVersionDate "2005.11.04"]
[SourceQuality "1"]

1. d4 Nf6 2. c4 g6 3. Nc3 Bg7 4. g3 0-0 5. Bg2 d6 6. Nf3 Nbd7 7. 0-0 e5 8. e4 c6 9. h3 Qa5 10. Re1 exd4 11. Nxd4 Ne5 12. Bf1 Re8 13. Rb1 Be6 14. Nxe6 Rxe6 15. b4 Qc7 16. Bb2 Rae8 17. Rc1 a5 18. b5 Ned7 19. Bg2 Nc5 20. bxc6 bxc6 21. Ba3 Nfd7 22. Qd2 Qa7 23. Kh2 Ne5 24. Bxc5 Qxc5 25. Na4 Qb4 26. Qc2 f5 27. f4 Nd7 28. Rb1 Qa3 29. Rb7 Nf6 30. Reb1 Nh5 31. Qb3 Qxb3 32. R1xb3 fxe4 33. Bf1 Bd4 34. Rc7 Bf2 35. Be2 e3 36. Rbb7 Bxg3+ 37. Kg2 Nxf4+ 38. Kxg3 Nxe2+ 39. Kh2 Rf6 40. Rg7+ Kf8 41. Rxh7 Rf2+ 42. Kh1 Rf1+ 43. Kh2 Rf2+ 1/2-1/2

[Event "Hamburg Junge op"]
[Site "Hamburg"]
[Date "2005.10.07"]
[Round "5"]
[White "Pragua, Christoph P"]
[Black "Schulz, Michael"]
[Result "0-1"]
[WhiteElo "2126"]
[BlackElo "2235"]
[PlyCount "74"]
[EventDate "2005.10.01"]
[EventType "swiss"]
[EventRounds "9"]
[EventCountry "GER"]
[SourceTitle "CBM 108 Extra"]
[Source "ChessBase"]
[SourceDate "2005.11.04"]
[SourceVersion "1"]
[SourceVersionDate "2005.11.04"]
[SourceQuality "1"]

1. d4 Nf6 2. c4 c5 3. Nf3 cxd4 4. Nxd4 e5 5. Nb5 d5 6. cxd5 Bc5 7. N5c3 0-0 8. a3 a5 9. Na4 Ba7 10. Nbc3 Bd7 11. Qb3 Bxa4 12. Qxa4 Nxd5 13. Bd2 Nc6 14. e3 Nxc3 15. Bxc3 Qg5 16. Qe4 f5 17. Bc4+ Kh8 18. Qf3 f4 19. e4 Nd4 20. Bxd4 Bxd4 21. 0-0 Rac8 22. Bd3 Bxb2 23. Ra2 Bd4 24. a4 Rc3 25. Rc2 Rxc2 26. Bxc2 Rc8 27. Bd3 h6 28. g3 Rc6 29. Kg2 Rc3 30. Rb1 b6 31. Rb5 Ra3 32. Rd5 Rxa4 33. h4 Qf6 34. Bb5 Rb4 35. Rxd4 Rxd4 36. Qc3 fxg3 37. fxg3 Rd8 0-1

[Event "Alpenpokal op 30th"]
[Site "Tiefenbach"]
[Date "2004.??.??"]
[Round "3"]
[White "Pragua, Christoph P"]
[Black "Blosze, Winfried"]
[Result "1-0"]
[WhiteElo "2059"]
[BlackElo "1730"]
[PlyCount "57"]
[EventDate "2004.01.08"]
[EventType "swiss"]
[EventRounds "9"]
[EventCountry "GER"]
[SourceTitle "EXT 2006"]
[Source "ChessBase"]
[SourceDate "2005.11.24"]
[SourceVersion "1"]
[SourceVersionDate "2005.11.24"]
[SourceQuality "1"]

1. d4 d5 2. Nf3 Nf6 3. c4 c6 4. Nc3 e6 5. e3 Be7 6. Bd3 Nbd7 7. 0-0 Qc7 8. b3 e5 9. cxd5 cxd5 10. Nb5 Qb8 11. dxe5 Nxe5 12. Nxe5 Qxe5 13. Bd2 a6 14. Bc3 Qb8 15. Nd4 0-0 16. Rc1 Bg4 17. f3 Be6 18. Qd2 Qd8 19. Ba5 Qd6 20. Rc7 Rfb8 21. Rfc1 Ne8 22. R7c2 Rc8 23. Rxc8 Rxc8 24. Rxc8 Bxc8 25. Bxh7+ Kxh7 26. Qc2+ g6 27. Qxc8 Nf6 28. Qxb7 Qe5 29. Bd2 1-0

[Event "Alpenpokal op 30th"]
[Site "Tiefenbach"]
[Date "2004.??.??"]
[Round "7"]
[White "Pragua, Christoph P"]
[Black "Froehlich, Rainer"]
[Result "0-1"]
[WhiteElo "2059"]
[BlackElo "1980"]
[PlyCount "120"]
[EventDate "2004.01.08"]
[EventType "swiss"]
[EventRounds "9"]
[EventCountry "GER"]
[SourceTitle "EXT 2006"]
[Source "ChessBase"]
[SourceDate "2005.11.24"]
[SourceVersion "1"]
[SourceVersionDate "2005.11.24"]
[SourceQuality "1"]

1. d4 Nf6 2. c4 e5 3. dxe5 Ng4 4. Bf4 Nc6 5. Nf3 Bb4+ 6. Nbd2 Qe7 7. a3 Ngxe5 8. Nxe5 Nxe5 9. e3 Bxd2+ 10. Qxd2 d6 11. Be2 a5 12. b3 0-0 13. 0-0 Be6 14. Rac1 b6 15. Rfd1 Rad8 16. Qc3 f6 17. h3 Qf7 18. b4 axb4 19. axb4 g5 20. Bg3 h5 21. f4 gxf4 22. exf4 Nd7 23. Qf3 Qg6 24. Kh2 Bf7 25. Qc6 Kh8 26. Bf3 Rg8 27. Bh4 Qf5 28. Qe4 Qxe4 29. Bxe4 Kg7 30. Bc6 Nb8 31. Bf3 Na6 32. Be1 Rge8 33. Kg1 Re3 34. c5 bxc5 35. bxc5 d5 36. Bf2 Rb3 37. Ra1 Nb4 38. Ra7 Nd3 39. Rxc7 Nxf4 40. Bg3 Ne6 41. Ra7 Ng5 42. Bd6 Nxf3+ 43. gxf3 Kg6 44. Kg2 Rc3 45. Rd4 Be6 46. Re7 Bf7 47. Ra4 Re8 48. Ra6 Rc2+ 49. Kg3 h4+ 50. Kf4 Rc4+ 51. Ke3 Rc3+ 52. Ke2 d4 53. Rxe8 Bxe8 54. Rb6 Re3+ 55. Kf2 Bd7 56. Kg2 Re6 57. Rb4 d3 58. Rxh4 Re2+ 59. Kg3 d2 60. Rd4 Ba4 0-1